Dvojsektorový makroekonomický model
Formulácia a riešenie dvojsektorového makroekonomického modelu, pričom prvý sektor predstavuje výrobu investičných statkov a druhý sektor predstavuje výrobu spotrebných predmetov s cieľom nájsť rovnovážne hodnoty všetkých vyšetrovaných premenných. Pri formulácii a riešení modelu sú používané metódy...
Salvato in:
| Autore principale: | |
|---|---|
| Natura: | Capitolo di libro |
| Lingua: | slovacco |
| Soggetti: | |
| Tags: |
Nessun Tag, puoi essere il primo ad aggiungerne!!
|
MARC
| LEADER | 00000naa$a2200000$$$4500 | ||
|---|---|---|---|
| 001 | 0049214 | ||
| 005 | 20240502071552.4 | ||
| 041 | 0 | |a slo | |
| 044 | |a SK | ||
| 245 | 1 | 0 | |a Dvojsektorový makroekonomický model |c Rastislav Jurga |
| 520 | |a Formulácia a riešenie dvojsektorového makroekonomického modelu, pričom prvý sektor predstavuje výrobu investičných statkov a druhý sektor predstavuje výrobu spotrebných predmetov s cieľom nájsť rovnovážne hodnoty všetkých vyšetrovaných premenných. Pri formulácii a riešení modelu sú používané metódy diferenciálneho počtu funkcie jednej a viac premenných, ktoré modelovým prístupom popisujú študovanú ekonomickú realitu. | ||
| 610 | 2 | 0 | |a makroekonomika |
| 610 | 2 | 0 | |a modely makroekonomické |
| 610 | 2 | 0 | |a dopyt agregátny |
| 610 | 2 | 0 | |a produkcia |
| 610 | 2 | 0 | |a dôchodok národný |
| 610 | 2 | 0 | |a rovnováha |
| 610 | 2 | 0 | |a teórie ekonomické |
| 100 | 1 | |a Jurga, Rastislav | |